[Event "XVII MIEDZYNARODOWY FESTIWAL SZACHOWY PERLA BALTYKU - TURNIEJ KOLOWY Z NORMA IM"]
[Site "LAZY"]
[Date "1899-12-30"]
[Round "7.4"]
[White "Kopylov, Michael"]
[Black "Nowak, Lukasz"]
[Result "1/2-1/2"]
[WhiteTitle "IM"]
[BlackTitle "FM"]
[WhiteElo "2388"]
[BlackElo "2303"]

1. d4 Nf6 2. c4 e6 3. g3 d5 4. Bg2 dxc4 5. Nf3 a6 6. Ne5 Bb4+ 7. Nc3 Nd5 8. Bd2
Nb6 9. e3 N8d7 10. Nxd7 Qxd7 11. Ne4 a5 12. O-O O-O 13. Qc2 Rd8 14. Rfd1 Qe7 15.
Bxb4 axb4 16. Nd2 e5 17. Nxc4 Nxc4 18. Qxc4 exd4 19. Rxd4 Rxd4 20. exd4 c6 21.
d5 cxd5 22. Qxd5 h6 23. Rd1 Be6 24. Qxb7 Qxb7 25. Bxb7 Rxa2 26. Rd2 g5 27. Kg2
Kg7 28. Kf3 Kf6 29. Ke4 Ra7 30. Bd5 Bxd5+ 1/2-1/2

[Event "XVII MIEDZYNARODOWY FESTIWAL SZACHOWY PERLA BALTYKU - TURNIEJ KOLOWY Z NORMA IM"]
[Site "LAZY"]
[Date "1899-12-30"]
[Round "7.5"]
[White "Budrewicz, Krzysztof"]
[Black "Fiedorek, Michal"]
[Result "0-1"]
[WhiteTitle "m"]
[BlackTitle "FM"]
[WhiteElo "2279"]
[BlackElo "2234"]

1. d4 d5 2. c4 e6 3. Nc3 Nf6 4. Nf3 c5 5. cxd5 Nxd5 6. e4 Nxc3 7. bxc3 cxd4 8.
cxd4 Bb4+ 9. Bd2 Bxd2+ 10. Qxd2 O-O 11. Bc4 Nd7 12. O-O b6 13. a4 Bb7 14. Rfe1
Nf6 15. Bd3 Qc7 16. a5 bxa5 17. Rxa5 Rfc8 18. Ra3 h6 19. h3 a5 20. g4 a4 21. g5
hxg5 22. Qxg5 Qa5 23. d5 exd5 24. e5 Ne4 25. Qh5 Rc6 26. Rxe4 dxe4 27. Ng5 Rg6
28. Bc4 Qe1+ 29. Bf1 Ba6 30. Qh7+ Kf8 31. Qh8+ Ke7 32. Qxa8 Qxf1+ 33. Kh2 Qxf2+
34. Kh1 Qf1+ 35. Kh2 Qe2+ 36. Kh1 Rxg5 37. Qa7+ Ke6 38. Qb6+ Kf5 0-1

[Event "XVII MIEDZYNARODOWY FESTIWAL SZACHOWY PERLA BALTYKU - TURNIEJ KOLOWY Z NORMA IM"]
[Site "LAZY"]
[Date "1899-12-30"]
[Round "8.1"]
[White "Dubinski, Mateusz"]
[Black "Fiedorek, Michal"]
[Result "1/2-1/2"]
[WhiteTitle "FM"]
[BlackTitle "FM"]
[WhiteElo "2312"]
[BlackElo "2234"]

1. Nf3 Nf6 2. c4 e6 3. b3 d5 4. Bb2 Be7 5. e3 b6 6. d4 O-O 7. Bd3 Bb7 8. O-O Nbd7
9. Nc3 dxc4 10. bxc4 c5 11. Qe2 Rc8 12. Rad1 cxd4 13. exd4 Re8 14. Rfe1 Bb4 15.
a3 Bd6 16. Ne5 Qe7 17. Nb5 Bb8 18. a4 Nf8 19. Ba3 Qd8 20. h4 Ng6 21. g3 a6 22.
Nc3 Qxd4 23. Nxf7 Qxc3 24. Bb2 Qb4 25. Ng5 Nf8 26. Bxf6 gxf6 27. Nxh7 Nxh7 28.
Qg4+ Kh8 29. Bxh7 Kxh7 30. Rxe6 Rxe6 31. Qxe6 Rc7 32. Qxf6 Qe7 33. Qf5+ Kg7 34.
Qg4+ Kh7 35. Qf5+ Kg7 36. Qg4+ 1/2-1/2

[Event "XVII MIEDZYNARODOWY FESTIWAL SZACHOWY PERLA BALTYKU - TURNIEJ KOLOWY Z NORMA IM"]
[Site "LAZY"]
[Date "1899-12-30"]
[Round "8.2"]
[White "Nowak, Lukasz"]
[Black "Budrewicz, Krzysztof"]
[Result "1-0"]
[WhiteTitle "FM"]
[BlackTitle "m"]
[WhiteElo "2303"]
[BlackElo "2279"]

1. c4 Nf6 2. g3 g6 3. Bg2 Bg7 4. Nc3 O-O 5. e4 d6 6. Nge2 c5 7. O-O Nc6 8. d3 Ne8
9. Be3 Nd4 10. Rb1 Nc7 11. b4 b6 12. Qd2 Re8 13. f4 Rb8 14. f5 gxf5 15. Bh6 e6
16. Bxg7 Kxg7 17. Nxd4 cxd4 18. Ne2 e5 19. exf5 f6 20. g4 Kh8 21. Ng3 Rg8 22.
h3 d5 23. Rfc1 dxc4 24. Rxc4 Nb5 25. Rbc1 Nc3 26. Ne4 Ba6 27. Rc6 Bb7 28. Nd6
Rg7 29. Nxb7 Rbxb7 30. Re1 Rbc7 31. Re6 Qf8 32. Qh6 Rgf7 33. Qh5 Nxa2 34. g5 Nxb4
35. Be4 Qg7 36. Kh1 Rce7 37. Rg1 Rxe6 38. fxe6 Re7 39. gxf6 Qxf6 40. Bxh7 Rg7
41. Be4+ Kg8 42. Qh7+ 1-0

[Event "XVII MIEDZYNARODOWY FESTIWAL SZACHOWY PERLA BALTYKU - TURNIEJ KOLOWY Z NORMA IM"]
[Site "LAZY"]
[Date "1899-12-30"]
[Round "8.3"]
[White "Antolak, Julia"]
[Black "Kopylov, Michael"]
[Result "0-1"]
[WhiteTitle "WIM"]
[BlackTitle "IM"]
[WhiteElo "2309"]
[BlackElo "2388"]

1. e4 c5 2. Nf3 a6 3. c4 b6 4. Nc3 Bb7 5. d4 cxd4 6. Nxd4 e6 7. Bd3 Qc7 8. Qe2
Nc6 9. Nxc6 Qxc6 10. Be3 Nf6 11. O-O d6 12. f4 h5 13. h3 h4 14. e5 Nh5 15. Be4
Qc7 16. Qf3 Rb8 17. Rad1 dxe5 18. fxe5 Ng3 19. Bxb7 Qxb7 20. Qxb7 Rxb7 21. Rf3
Bb4 22. Bg5 Be7 23. Bf4 Nf5 24. Rfd3 Rc7 25. b3 O-O 26. Ne4 Rfc8 27. Bg5 Bc5+
28. Kh2 b5 29. Rd8+ Rxd8 30. Bxd8 Rc8 31. Bg5 Bd4 32. Bf4 bxc4 33. Nd6 Nxd6 34.
exd6 e5 35. bxc4 Kf8 36. Bg5 f6 37. d7 Rd8 38. Bxh4 Rxd7 39. Rc1 Ke7 40. Be1 Rb7
41. Rc2 Kd6 42. Kg3 Kc5 43. Kf3 f5 44. g4 g6 45. h4 Rb1 46. Bf2 e4+ 47. Ke2 f4
48. Bxd4+ Kxd4 49. c5 f3+ 50. Kf2 Kd3 51. c6 e3+ 52. Kxf3 Kxc2 53. Kxe3 Rb6 54.
c7 Rc6 55. Kf4 Rxc7 56. Kg5 Rc6 0-1

[Event "XVII MIEDZYNARODOWY FESTIWAL SZACHOWY PERLA BALTYKU - TURNIEJ KOLOWY Z NORMA IM"]
[Site "LAZY"]
[Date "1899-12-30"]
[Round "8.4"]
[White "Aliavdin, Nikolai"]
[Black "Grzesik, Gracjan"]
[Result "1-0"]
[WhiteTitle "IM"]
[BlackTitle "k"]
[WhiteElo "2324"]
[BlackElo "2063"]

1. e4 c5 2. Nf3 d6 3. d4 cxd4 4. Nxd4 Nf6 5. Nc3 a6 6. Nb3 e5 7. Bg5 Be6 8. Bxf6
Qxf6 9. Nd5 Bxd5 10. Qxd5 Nc6 11. c3 Be7 12. Bc4 O-O 13. O-O Rac8 14. a4 Rfd8
15. Qd3 Qg6 16. Bd5 Bg5 17. a5 Rd7 18. Ra4 Ne7 19. Rb4 Nxd5 20. Qxd5 Qe6 21. Rd1
Qxd5 22. Rxd5 Rc6 23. Kf1 g6 24. g3 Bd8 25. Ke2 f6 26. f4 Kf7 27. fxe5 fxe5 28.
Nd2 Ke6 29. Nc4 h5 30. Ra4 h4 31. Kf3 hxg3 32. hxg3 Bg5 33. b3 Rc5 34. Ra1 Rxd5
35. exd5+ Kf6 36. Kg4 Bh6 37. Rh1 Kg7 38. Kf3 Bg5 39. Ke4 Bd8 40. Rf1 Bc7 41.
b4 Bd8 42. Nb2 Rc7 43. c4 Rc8 44. Rc1 b6 45. axb6 Bxb6 46. Nd3 Bd4 47. c5 a5 48.
bxa5 dxc5 49. d6 Kf6 50. Kd5 c4 51. Rf1+ Kg7 52. Nxe5 Bxe5 53. Kxe5 c3 54. d7
Ra8 55. Kd6 c2 56. Ke7 1-0

[Event "XVII MIEDZYNARODOWY FESTIWAL SZACHOWY PERLA BALTYKU - TURNIEJ KOLOWY Z NORMA IM"]
[Site "LAZY"]
[Date "1899-12-30"]
[Round "9.2"]
[White "Grzesik, Gracjan"]
[Black "Kopylov, Daniel"]
[Result "0-1"]
[WhiteTitle "k"]
[BlackTitle "m"]
[WhiteElo "2063"]
[BlackElo "2344"]

1. c4 g6 2. Nc3 c5 3. g3 Nc6 4. Bg2 Bg7 5. e3 Nh6 6. Nge2 Nf5 7. Rb1 h5 8. h3 Rb8
9. O-O b6 10. b3 Bb7 11. Bb2 Ne5 12. Bxb7 Rxb7 13. d4 Nf3+ 14. Kg2 cxd4 15. Nd5
e6 16. Kxf3 exd5 17. Nxd4 Qg5 18. Kg2 dxc4 19. Nxf5 gxf5 20. h4 Qg6 21. Bxg7 Qxg7
22. bxc4 Rh6 23. Qd5 Rc7 24. Qxf5 Qg6 25. Qe5+ Kd8 26. Rbc1 d6 27. Rfd1 Rc5 28.
Qf4 Qe6 29. Qf3 Ra5 30. Rd2 Rf6 31. Qc6 Ke7 32. Rcd1 Qf5 33. a4 Kf8 34. f4 Rc5
35. Qa8+ Kg7 36. Qf3 Rxc4 37. Rd5 Rc2+ 38. R1d2 Rxd2+ 39. Rxd2 Re6 40. Rd5 Qc2+
41. Kh3 Qxa4 42. Rg5+ Rg6 43. Qxh5 Qe4 44. Rxg6+ fxg6 45. Qe2 Qh1+ 46. Kg4 Qd5
47. Qb2+ Kf7 48. Qb4 Qh5+ 49. Kh3 Qc5 50. Qb3+ d5 51. Qa4 b5 52. Qa6 Qb6 53. Qa3
b4 54. Qd3 b3 55. f5 gxf5 56. Qxd5+ Kf6 57. Qg8 b2 58. Qg5+ Ke6 59. Qg6+ Ke5 60.
Qe8+ Kd5 61. Qd7+ Kc4 62. Qa4+ Kc3 63. Qa3+ Kc2 64. Qa4+ Kd2 65. Qa2 Qb5 66. Qb1
Qb3 67. Qxf5 b1=Q 68. Qf2+ Kc1 69. Qe1+ Kb2 70. Qd2+ Q1c2 71. Qd4+ Kb1 72. g4
Qcd3 0-1

[Event "XVII MIEDZYNARODOWY FESTIWAL SZACHOWY PERLA BALTYKU - TURNIEJ KOLOWY Z NORMA IM"]
[Site "LAZY"]
[Date "1899-12-30"]
[Round "9.3"]
[White "Kopylov, Michael"]
[Black "Aliavdin, Nikolai"]
[Result "1/2-1/2"]
[WhiteTitle "IM"]
[BlackTitle "IM"]
[WhiteElo "2388"]
[BlackElo "2324"]

1. d4 Nf6 2. c4 e6 3. Nc3 d5 4. Nf3 Be7 5. Bf4 O-O 6. e3 Nbd7 7. Rc1 c5 8. dxc5
Nxc5 9. a3 dxc4 10. Bxc4 a6 11. Ne5 Qe8 12. Be2 b5 13. Bf3 Bb7 14. Bxb7 Nxb7 15.
Qf3 Nc5 16. O-O Rc8 17. Rfd1 Nb3 18. Rb1 Na5 19. Bg5 Rc7 20. Bf4 Rc8 21. h3 Nc6
22. Rbc1 Nxe5 23. Bxe5 Nd7 24. Bd6 Bxd6 25. Rxd6 Ne5 26. Qf4 Nc4 27. Rxa6 Nxb2
28. Rb1 Rxc3 29. Rxb2 Qc8 30. Rb6 Rxa3 31. R6xb5 1/2-1/2

[Event "XVII MIEDZYNARODOWY FESTIWAL SZACHOWY PERLA BALTYKU - TURNIEJ KOLOWY Z NORMA IM"]
[Site "LAZY"]
[Date "1899-12-30"]
[Round "9.4"]
[White "Budrewicz, Krzysztof"]
[Black "Antolak, Julia"]
[Result "0-1"]
[WhiteTitle "m"]
[BlackTitle "WIM"]
[WhiteElo "2279"]
[BlackElo "2309"]

1. d4 Nf6 2. c4 c5 3. d5 b5 4. Nf3 g6 5. Qc2 bxc4 6. e4 d6 7. Bxc4 Bg7 8. O-O O-O
9. Nc3 Nfd7 10. Bf4 Ba6 11. Bxa6 Nxa6 12. Rfe1 Nb6 13. Qe2 c4 14. Be3 Nb4 15.
Red1 Rc8 16. Bd4 Qd7 17. Bxg7 Kxg7 18. a3 Nd3 19. b4 e5 20. Ne1 Nf4 21. Qd2 Na4
22. Rac1 f5 23. Nxa4 Qxa4 24. g3 Nd3 25. Nxd3 cxd3 26. Qxd3 fxe4 27. Qxe4 Qxa3
28. Ra1 Qb2 29. Rxa7+ Kg8 30. Qe3 Rc3 31. Qd2 Qb3 32. Rda1 Rd3 33. Qh6 Rd1+ 34.
Rxd1 Qxd1+ 35. Kg2 Qxd5+ 36. Kh3 Rf7 37. Rxf7 Qxf7 38. Qe3 Qd7+ 39. g4 Qb5 40.
Qc3 Qf1+ 41. Kg3 Qg1+ 42. Kf3 Qxh2 43. Ke4 Qxf2 44. Kd5 Qf7+ 45. Kxd6 e4 46. b5
Qf4+ 47. Kc6 e3 48. b6 Qe4+ 49. Kc7 Qe7+ 50. Kc6 Qe6+ 51. Kc7 Qe7+ 52. Kc6 Qe8+
53. Kc7 e2 54. Qe1 Qf7+ 55. Kc6 Qf3+ 56. Kd6 Qd3+ 57. Ke7 Qe4+ 58. Kd6 Qd4+ 59.
Ke7 Qxg4 60. b7 Qe4+ 61. Kd8 Qxb7 62. Qxe2 Qf7 0-1

[Event "XVII MIEDZYNARODOWY FESTIWAL SZACHOWY PERLA BALTYKU - TURNIEJ KOLOWY Z NORMA IM"]
[Site "LAZY"]
[Date "1899-12-30"]
[Round "9.5"]
[White "Fiedorek, Michal"]
[Black "Nowak, Lukasz"]
[Result "1/2-1/2"]
[WhiteTitle "FM"]
[BlackTitle "FM"]
[WhiteElo "2234"]
[BlackElo "2303"]

1. Nf3 c5 2. c4 Nf6 3. Nc3 d5 4. cxd5 Nxd5 5. e4 Nb4 6. Bc4 Nd3+ 7. Ke2 Nf4+ 8.
Kf1 Ne6 9. b4 g6 10. bxc5 Bg7 11. Bb2 Nc6 12. Qc2 O-O 13. Nd5 Bxb2 14. Qxb2 Nxc5
15. Re1 Na5 16. Bb5 Be6 17. Nf4 Rc8 18. Nxe6 Nxe6 19. g3 Qb6 20. Rb1 Rfd8 21.
Kg2 Nd4 22. Nxd4 Qxd4 23. d3 a6 24. Bc4 b5 25. Bd5 Qxb2 26. Rxb2 e6 27. Bb3 Rxd3
28. Rd1 Rcd8 29. Rc1 Rd2 30. Rxd2 Rxd2 31. Rc8+ Kg7 32. Ra8 Nxb3 33. axb3 Ra2
34. h4 h5 35. e5 Re2 36. Rxa6 Rxe5 37. Ra7 Kf6 38. Rb7 Rc5 39. Kh2 e5 40. Rb6+
Kf5 41. Rb7 f6 42. Rb6 e4 43. Kg2 g5 44. hxg5 Kxg5 45. Rb8 f5 46. Rg8+ Kf6 47.
Rb8 Ke5 48. b4 Rd5 49. Rh8 Kd4 50. Rc8 Ke5 51. Rh8 Rd2 52. Kg1 Kf6 53. Rxh5 Kg6
54. g4 Rd4 55. Rxf5 e3 56. Kf1 Rxg4 57. Rxb5 1/2-1/2